| 000 | 00832nam a2200253 a 4500 | ||
|---|---|---|---|
| 005 | 20200104041521.0 | ||
| 008 | 140228s2000 ck do fr|||| 000 0 spa d | ||
| 020 | _a813725X | ||
| 040 |
_aCO-BoIAVH _cCO-BoIAVH |
||
| 041 | 0 | _aspa | |
| 044 | _ack | ||
| 082 | 0 | 4 |
_a363.61 _bM66p |
| 110 | 2 |
_b Ministerio de Desarrollo Económico _aColombia. |
|
| 245 | 1 | 0 | _aPolítica pública para el sector de agua potable y saneamiento básico de Colombia |
| 260 |
_aBogotá : _bMinisterio de Desarrollo Económico, _c2000. |
||
| 300 |
_a51 páginas : _bGráficos, fotografías (algunas a color) ; _c28 x 22 cm. |
||
| 650 | 2 | 6 | _aAgua |
| 650 | 1 | 6 | _aRecursos hídricos |
| 650 | 2 | 6 | _aSanidad |
| 650 | 1 | 6 | _aPolítica ambiental |
| 650 | 2 | 6 | _aGestión ambiental |
| 662 | _aColombia | ||
| 942 |
_cLIBRO _2ddc |
||
| 999 |
_c1492 _d1492 |
||